01026nam a2200325Ia 4500001000700000003000500007008004100012010001100053020002200064040000900086082001900095100002800114245007800142250001200220260005100232300004800283503001700331504003800348650003100386650003400417700004800451700003700499901001900536902000600555910000900561942000600570942000700576999001900583952009800602Z_5852CHAP220113s9999 xx 000 0 und d a169057 a978-0-87893-317-4 cCHAP a591.1 H55 2008 aHill, Richard W.955442 aAnimal physiology /cRichard W. Hill, Gordon A. Wyse y Margaret Anderson a2a. ed. aEstados Unidos de América :bSinauer,c  axxv, 762 p. (paginación variada) + anexos aej.1: 248071 aIncluye bibliografía e índice aFisiología animal941131 aFisiología comparada941133 a Anderson, Margaret, coaut., 1941 -9143374 aWyse, Gordon A., coaut. 9143375 a591.1 H55 2008 aM a  c1 cc1 c169057d169057 00102ddc40708GRALaZbZc1d2009-10-29pz_5756r2022-01-18 00:00:00t1w2022-01-18yLIBRO